[Event "Speed Chess Championship 2020"]
[Site "Online"]
[Date "2020.11.12"]
[Round "1.12"]
[White "Martirosyan, Haik M."]
[Black "Nakamura, Hikaru"]
[Result "0-1"]
[WhiteElo "2622"]
[BlackElo "2736"]
[Annotator "TA"]
[PlyCount "228"]
[EventDate "2020.10.31"]
[EventType "k.o."]
[SourceTitle "playchess.com"]
[Source "ChessBase"]
[SourceQuality "1"]

{[%evp 12,228,20,16,12,7,9,5,29,18,29,21,25,25,31,36,32,31,47,27,58,58,75,62,75,76,119,122,111,104,124,124,114,94,109,90,90,98,70,7,6,4,4,6,3,0,0,0,86,-734,-726,-684,0,0,0,0,0,0,0,-26,0,0,0,0,0,-26,-26,-26,-26,-26,-26,-41,-18,-26,-18,-33,-18,-26,-26,-33,-18,-18,-18,-33,-33,-41,-41,-48,-9,-55,-8,-8,-8,-8,-8,-8,-8,-8,-8,-8,-8,-8,-8,-8,-8,-8,-8,-27,-27,-27,-8,-27,0,-8,-8,-8,-8,-8,-8,-8,-8,-8,-8,-8,-8,-8,-8,-8,-8,-8,-7,-8,-8,-8,-8,-8,-8,-8,-8,-8,-8,-8,-8,-8,-8,-8,-8,-8,0,-8,-8,-8,-8,-8,-8,-8,-8,-8,0,0,-8,-8,0,-8,0,0,0,-8,0,-8,-8,-8,0,-8,0,-8,0,0,0,-8,0,0,0,0,0,0,0,0,0,-240,-240,-189,-108,-612,-590,-2354,-189,-189,-174,-174,0,-174,-108,-108,-8,-40,-34,-55,-54,-59,-8,-8,0,-587,-576,-29988,-29989,-29989,-29990]} 1. d4 Nf6 2. Nf3 e6 3. c4 d5 4. Nc3 Be7 5. Bf4 O-O 6. e3 Nbd7 {6...b6 is setting a new trend.} 7. Be2 dxc4 {D37: Queen's Gambit Declined: 5 Bf4.} 8. O-O a6 9. a4 b6 $5 {[%mdl 4] The position is equal. Leaves trodden paths.} 10. Bxc4 Bd6 11. Bxd6 cxd6 12. Bd3 Bb7 13. e4 e5 14. Re1 Re8 {[#]} 15. Qd2 $146 ({Predecessor:} 15. d5 Nc5 16. Bf1 a5 17. Nd2 Re7 18. Qf3 Ne8 19. Rab1 Ba6 20. Bxa6 Nxa6 21. Nc4 Rc7 22. b3 {1-0 (45) Wen,Y (2583)-Wang,C (2536) Xinghua 2015}) 15... Rc8 16. Rad1 Qe7 17. Bb1 Qf8 18. Ba2 h6 19. Nh4 d5 {[%cal Rf6e4]} 20. exd5 Qb4 21. Nf5 exd4 22. Rxe8+ Rxe8 23. Qxd4 Qxb2 24. Nd6 Rb8 25. Nxb7 (25. Rb1 $14 Qa3 26. Nc4) 25... Rxb7 $11 26. d6 {White wants to play Bc4.} b5 27. axb5 axb5 28. h3 b4 29. Rb1 Qa3 (29... bxc3 $11 30. Rxb2 Rxb2) 30. Bc4 $2 {[%mdl 8192]} (30. Qc4 $16) 30... bxc3 $19 31. Bxf7+ Kxf7 $2 (31... Kf8 $19 32. Rxb7 c2) 32. Rxb7 $11 Qc1+ 33. Kh2 Qd2 34. Qc4+ Kg6 {White must now prevent ...Ne5.} 35. Rc7 ({Not} 35. Qe6 $2 Qf4+ 36. Kh1 c2 $19) 35... Qxd6+ 36. Kg1 Qd1+ 37. Kh2 Qd2 (37... Qc2 {is interesting.} 38. Qc6 Qf5 39. Kg1 Nf8 40. Qxc3 Ne6) 38. Qxc3 (38. Kg1 {looks sharper.} Qc1+ 39. Qf1 Qc2 40. Qe1 Qd2 41. Qb1+) 38... Qxf2 39. Qd3+ Qf5 40. Qxf5+ Kxf5 41. Rc1 g5 42. Rf1+ Kg6 43. Re1 Nc5 44. Re5 Nd3 (44... Nfd7 {seems wilder.} 45. Rd5 Kf7 46. Rd6 Nf6 47. Rc6 Nce4) 45. Ra5 Nf4 46. Ra4 Ne6 47. Kg1 h5 48. Ra6 Nc5 49. Rc6 Nce4 50. Rc8 (50. g4 $5) 50... h4 51. Rc1 Nd5 52. Rd1 Nf4 53. Kh2 Nh5 54. Re1 Nhg3 55. Ra1 Kf5 56. Ra8 Kf4 57. Rf8+ Ke3 58. Ra8 Nd2 59. Kg1 (59. Ra3+ {feels hotter.} Kf2 60. Ra2 Nge4 61. Rb2 Ke1 62. Rc2) 59... Ne2+ 60. Kh2 Nf1+ 61. Kh1 {Cut Off at move 61} Neg3+ (61... Kf2 {seems wilder.} 62. Rf8+ Nf4 63. Rg8 Ne3 64. Rg7 Nh5) 62. Kg1 Nd2 63. Re8+ Nde4 64. Re7 Ne2+ 65. Kh2 Kd4 66. Re8 Nf4 67. Rd8+ Ke5 68. Re8+ Ne6 69. Kg1 Kf5 70. Ra8 Nf6 71. Kf2 Kf4 72. Ra4+ Ne4+ 73. Kg1 N6c5 74. Ra8 Nd3 75. Rd8 Ke3 76. Re8 Nc1 77. Kh2 Na2 78. Re7 Nb4 79. Re8 Nd3 80. Re7 Kf4 81. Kg1 Ne5 82. Re8 Nd7 83. Re7 Ndf6 84. Ra7 Kf5 85. Ra5+ Kg6 86. Ra6 Kg7 87. Kh2 Nd5 88. Ra5 Ndf6 89. Kg1 Kg6 90. Kh2 Nd6 91. Kg1 Nc4 92. Ra8 Ne3 93. Ra3 Nfd5 94. Ra6+ Kf5 95. Ra8 Nf4 96. Rf8+ Kg6 97. Rg8+ Kh6 98. Rh8+ Kg7 99. Ra8 Nexg2 {Hoping for ...Ne3.} 100. Ra3 $2 (100. Kf2 $11) 100... Ne1 $19 {And now ...Ned3 would win.} 101. Kf2 Ned3+ (101... Nc2 $19 102. Ra2 Nb4) 102. Kf3 $2 {[%mdl 8192]} (102. Ke3 $17) 102... Kf6 103. Ke4 {If only White now had time for Ra6+....} Nc5+ $2 (103... Nf2+ 104. Kf3 N2xh3 105. Ra6+ Kf5 106. Ra5+ Kg6) 104. Kd4 Nce6+ 105. Ke4 Nc5+ 106. Kd4 Nfe6+ (106... Nb7 $19 {Threatens to win with ...Nd6.} 107. Ke4 Nc5+) 107. Kd5 $17 {[#]} Nd7 ({Black should try} 107... Nd3 $1 $17 {[%mdl 512]} 108. Ke4 (108. Rxd3 Nf4+) 108... Nf2+ 109. Kf3 Nxh3) 108. Ra6 $11 Ndf8 109. Ke4 Ng6 {...Ngf4 is the strong threat.} 110. Kf3 Ngf4 ({Better is} 110... Ne5+ $15 111. Ke4 Nd7) 111. Kg4 Ng6 112. Kh5 $2 {[%mdl 8192] [#]} (112. Kf3 $11 {and White has nothing to worry.}) 112... Kf5 $1 $19 {Strongly threatening ...Ngf4+.} 113. Rxe6 {[#]} Nf4+ $1 {[%mdl 576] Double Attack, Zwischenzug} 114. Kh6 Nxe6 {Weighted Error Value: White=0.21/Black=0.20} 0-1

[Event "Speed Chess Championship 2020"]
[Site "Online"]
[Date "2020.11.02"]
[Round "1.12"]
[White "Nihal Sarin"]
[Black "Vachier-Lagrave, Maxime"]
[Result "1/2-1/2"]
[WhiteElo "2620"]
[BlackElo "2784"]
[Annotator "TA"]
[PlyCount "106"]
[EventDate "2020.10.31"]
[EventType "k.o."]

{[%evp 16,106,50,30,30,30,30,30,36,29,31,29,21,23,29,32,71,72,79,74,75,77,75,72,80,77,73,72,81,45,50,41,41,41,41,41,41,38,54,38,35,29,83,83,97,77,84,76,74,74,76,77,141,123,119,129,129,57,65,47,66,66,66,66,70,66,70,70,74,49,49,49,49,49,49,49,49,49,49,49,49,15,15,8,22,8,8,8,8,8,8,8,8]} 1. d4 d5 2. c4 dxc4 3. Nf3 Nf6 4. e3 e6 5. Bxc4 c5 6. O-O a6 7. dxc5 Bxc5 8. Qxd8+ Kxd8 9. Nbd2 Nc6 {D27: Queen's Gambit Accepted: Classical main line: 7 e4!? and 7 a4.} 10. a3 Ke7 11. b4 Bd6 {White has an edge.} 12. Bb2 b5 13. Be2 Bb7 14. Rac1 Rac8 15. Nb3 {[#]} Nd7 $146 ({Predecessor:} 15... Nb8 16. Nfd4 Rxc1 17. Rxc1 Rc8 18. Rxc8 Bxc8 19. Bf3 e5 20. Ne2 Bg4 21. Bxg4 Nxg4 {½-½ (36) Stillger,B (2255)-Varga,Z (2418) Novi Sad 2016}) 16. Bxg7 Rhg8 17. Bb2 Nce5 {[#] aiming for ...Bxf3.} 18. Rxc8 Rxc8 19. Nxe5 Nxe5 20. Rc1 Nc4 21. Bxc4 bxc4 22. Na5 Bd5 23. e4 Bxe4 24. Rxc4 Rxc4 25. Nxc4 $14 {[%mdl 4096] Endgame KBB-KBN} Bd5 26. Ne3 Be4 27. f3 Bd3 28. g3 a5 (28... e5 $11 {keeps the balance.}) 29. bxa5 $16 Bc5 30. Kf2 Kd7 31. Bc1 Kc6 32. Ke1 Kb5 33. Ng4 Bd6 (33... Bc2 $142) 34. Bd2 f5 35. Nf6 Be7 36. Nh5 ({Much worse is} 36. Nxh7 $6 f4 $11) ({White should play} 36. Ne8 $16) 36... Bxa3 $14 37. h4 Bd6 38. Kf2 Bc5+ 39. Kg2 Bd4 40. g4 fxg4 41. fxg4 e5 42. Nf6 e4 43. Nd5 e3 44. Nxe3 Bxe3 45. Bxe3 Kxa5 {KB-KB} 46. Kg3 Kb5 47. Kf4 Kc4 48. Kg5 Kd5 {The position is equal.} 49. Kh6 Ke6 50. g5 Kf7 51. h5 Kg8 52. g6 hxg6 53. hxg6 Bxg6 {Av CentiPawn Loss W=-6/B=-6. Weighted=-6/-6} 1/2-1/2

[Event "Speed Chess Championship 2020"]
[Site "Online"]
[Date "2020.11.04"]
[Round "1.13"]
[White "Carlsen, Magnus"]
[Black "Maghsoodloo, Parham"]
[Result "1-0"]
[WhiteElo "2862"]
[BlackElo "2676"]
[Annotator "TA"]
[PlyCount "97"]
[EventDate "2020.10.31"]
[EventType "k.o."]
[SourceTitle "playchess.com"]
[Source "ChessBase"]
[SourceQuality "1"]

{[%evp 12,97,46,41,60,69,82,100,168,169,162,177,157,175,178,156,170,145,157,132,140,131,136,143,166,156,196,186,187,154,243,166,180,40,16,-26,-29,-62,-78,-173,-176,-173,-165,-167,-172,-175,-187,-231,-195,-290,-247,-243,-241,-237,-231,-317,0,0,0,0,0,0,0,0,0,0,0,0,8,0,122,116,120,10,10,10,18,10,342,334,348,336,12835,12836,12848,12848,12849,12849]} 1. d4 Nf6 2. Bf4 g6 3. Nc3 Bg7 4. e4 d6 5. Qd2 c6 6. Bh6 Bxh6 7. Qxh6 Nbd7 {B07: Pirc Defence: Miscellaneous Systems.} 8. Nf3 Qa5 {next ...Nxe4 is good for Black.} 9. Bd3 b5 (9... Qh5 $16 10. Qf4 O-O) 10. O-O $18 b4 11. Ne2 Ba6 12. Bxa6 Qxa6 13. Ng3 $1 Qb5 14. Rfe1 e5 15. Rad1 {[#]} O-O-O $146 ({Predecessor:} 15... Qc4 16. dxe5 dxe5 17. Nxe5 Nxe5 18. Qf4 Nfd7 19. Qg5 h6 20. Qh4 Qc5 21. Re2 Qe7 {0-1 (36) Vidit,S (2718)-Andriasian,Z (2591) chess.com INT 2018}) 16. a3 a5 17. axb4 axb4 18. h3 Qb6 19. c3 Rhe8 20. Ra1 Kb7 (20... Kc7 $16 21. dxe5 dxe5) 21. Ra4 c5 22. cxb4 ({White should try} 22. dxc5 $18 dxc5 23. Qg7) 22... cxd4 $14 23. Rea1 Ra8 24. b3 Rxa4 25. bxa4 (25. Rxa4 $17 Rc8 26. Qd2) 25... Qxb4 $19 26. Qc1 {And now Rb1 would win.} Rc8 27. Qf1 Qc4 28. Qb1+ Ka7 29. a5 Qc2 30. Qb5 (30. Qe1 {is a better defense.}) 30... Rb8 31. Qf1 Nc5 ({Resist} 31... Nxe4 32. Nxe4 Qxe4 33. Qc4 $17) 32. Rc1 Qd3 33. Nxe5 Qxf1+ $2 ({Black should play} 33... dxe5 $19 34. Rxc5 Rb1 {[%mdl 64] Pin}) 34. Kxf1 $11 {aiming for Nc6+.} dxe5 35. Rxc5 $19 {[%mdl 4096] Endgame KRN-KRN} Nd7 36. Rd5 Rb7 37. f4 exf4 38. Ne2 {[%mdl 64] Double Attack} Nf6 39. Rxd4 Re7 40. Nc3 Re6 {[#]} (40... Re5 $11 {remains equal.}) 41. Nb5+ $1 $16 Kb7 {[#]} 42. Nd6+ ({Only move:} 42. Rd6 $1 $16 Kb8 43. a6 Rxd6 44. Nxd6) 42... Ka6 $11 43. Kf2 Kxa5 {Hoping for ...Rxd6!} 44. Kf3 g5 $2 {[%mdl 8192] Black cannot hold the game after this.} (44... Kb6 $11 {and Black has nothing to worry.} 45. Nxf7 Kc5) 45. Nxf7 $18 h6 46. Nxh6 Nxe4 $2 (46... Rb6 47. Rd3 Kb4) 47. Rxe4 {White is clearly winning.} Rxh6 48. Re5+ Kb4 49. Rxg5 {Av CentiPawn Loss W=-19/B=-50. Weighted=-21/-47} 1-0

[Event "Speed Chess Championship 2020"]
[Site "Online"]
[Date "2020.11.08"]
[Round "1.13"]
[White "So, Wesley"]
[Black "Abdusattorov, Nodirbek"]
[Result "1-0"]
[WhiteElo "2816"]
[BlackElo "2662"]
[Annotator "ChessBase"]
[PlyCount "81"]
[EventDate "2020.10.31"]
[EventType "k.o."]
[SourceTitle "playchess.com"]
[Source "ChessBase"]
[SourceQuality "1"]
[TimeControl "180+1"]

1. e4 {[%emt 0:00:01]} c6 {[%emt 0:00:01]} 2. d4 {[%emt 0:00:01]} d5 {[%emt 0:00:00]} 3. f3 {[%emt 0:00:01]} g6 {[%emt 0:00:01]} 4. Nc3 {[%emt 0:00:02]} Bg7 {[%emt 0:00:01]} 5. e5 {[%emt 0:00:01]} c5 {[%emt 0:00:03]} 6. f4 {[%emt 0:00:05]} cxd4 {[%emt 0:00:11]} 7. Qxd4 {[%emt 0:00:00]} Be6 {[%emt 0:00:06]} 8. Nf3 {[%emt 0:00:07]} Nh6 {[%emt 0:00:02]} 9. Bb5+ {[%emt 0:00:01]} Kf8 {[%emt 0:00:08]} 10. O-O {[%emt 0:00:04]} a6 {[%emt 0:00:03]} 11. Bd3 {[%emt 0:00:03]} Nc6 {[%emt 0:00:01]} 12. Qf2 {[%emt 0:00:01]} Ng4 {[%emt 0:00:03]} 13. Qe1 {[%emt 0:00:01]} h5 {[%emt 0:00:04]} 14. Ng5 {[%emt 0:00:03]} Qd7 {[%emt 0:00:50]} 15. Na4 {[%emt 0:00:06]} b5 {[%emt 0:00:17]} 16. Nc5 {[%emt 0:00:17]} Qa7 {[%emt 0:00:02]} 17. Ngxe6+ {[%emt 0:00:21]} fxe6 {[%emt 0:00:00]} 18. b4 {[%emt 0:00:01]} Kf7 {[%emt 0:00:02]} 19. Kh1 {[%emt 0:00:03]} a5 {[%emt 0:00:06]} 20. c3 {[%emt 0:00:03]} Rac8 {[%emt 0:00:08]} 21. Bd2 {[%emt 0:00:11]} axb4 {[%emt 0:00:20]} 22. cxb4 {[%emt 0:00:00]} Nd4 {[%emt 0:00:00]} 23. a4 {[%emt 0:00:11]} Rxc5 {[%emt 0:00:31]} 24. axb5 {[%emt 0:00:06]} Qc7 {[%emt 0:00:03]} 25. bxc5 {[%emt 0:00:01]} Qxc5 {[%emt 0:00:00]} 26. Bb4 {[%emt 0:00:10]} Qb6 {[%emt 0:00:02]} 27. Ra6 {[%emt 0:00:03]} Qb7 {[%emt 0:00:01]} 28. Bc5 {[%emt 0:00:12]} Nf5 {[%emt 0:00:04]} 29. Bxf5 {[%emt 0:00:06]} gxf5 {[%emt 0:00:09]} 30. Ra7 {[%emt 0:00:02]} Qxb5 {[%emt 0:00:00]} 31. Rxe7+ {[%emt 0:00:01]} Kg8 {[%emt 0:00:01]} 32. Bg1 {[%emt 0:00:06]} Rh6 {[%emt 0:00:02]} 33. h3 {[%emt 0:00:06]} Bf8 {[%emt 0:00:02]} 34. Rc7 {[%emt 0:00:01]} Rg6 {[%emt 0:00:05]} 35. hxg4 {[%emt 0:00:09]} hxg4 {[%emt 0:00:00]} 36. Bh2 {[%emt 0:00:03]} g3 {[%emt 0:00:02]} 37. Bxg3 {[%emt 0:00:03]} Bb4 {[%emt 0:00:01]} 38. Qf2 {[%emt 0:00:08]} Ba5 {[%emt 0:00:01]} 39. Rc5 {[%emt 0:00:05]} Qa6 {[%emt 0:00:03]} 40. Bh2 {[%emt 0:00:03]} Bb6 {[%emt 0:00:02]} 41. Rc6 {[%emt 0:00:00]} 1-0

[Event "Speed Chess Championship 2020"]
[Site "Online"]
[Date "2020.11.11"]
[Round "1.13"]
[White "Nepomniachtchi, Ian"]
[Black "Aronian, Levon"]
[Result "1/2-1/2"]
[WhiteElo "2784"]
[BlackElo "2781"]
[Annotator "ChessBase"]
[PlyCount "116"]
[EventDate "2020.10.31"]
[EventType "k.o."]
[SourceTitle "playchess.com"]
[Source "ChessBase"]
[SourceQuality "1"]
[TimeControl "180+1"]

1. e3 {[%emt 0:00:01]} g6 {[%emt 0:00:01]} 2. Nf3 {[%emt 0:00:00]} Bg7 {[%emt 0:00:00]} 3. d4 {[%emt 0:00:00]} Nf6 {[%emt 0:00:01]} 4. Nbd2 {[%emt 0:00:01]} O-O {[%emt 0:00:02]} 5. b4 {[%emt 0:00:01]} d6 {[%emt 0:00:01]} 6. Bb2 {[%emt 0:00:00]} c5 {[%emt 0:00:01]} 7. a3 {[%emt 0:00:04]} cxd4 {[%emt 0:00:02]} 8. exd4 {[%emt 0:00:03]} d5 {[%emt 0:00:04]} 9. Bd3 {[%emt 0:00:01]} Bg4 {[%emt 0:00:03]} 10. O-O {[%emt 0:00:01]} Nbd7 {[%emt 0:00:05]} 11. Re1 {[%emt 0:00:00]} Rc8 {[%emt 0:00:02]} 12. h3 {[%emt 0:00:02]} Bxf3 {[%emt 0:00:02]} 13. Qxf3 {[%emt 0:00:01]} e6 {[%emt 0:00:03]} 14. a4 {[%emt 0:00:02]} a5 {[%emt 0:00:08]} 15. b5 {[%emt 0:00:03]} Nb6 {[%emt 0:00:02]} 16. Nb3 {[%emt 0:00:13]} Nc4 {[%emt 0:00:16]} 17. Bc1 {[%emt 0:00:01]} Nd7 {[%emt 0:00:12]} 18. c3 {[%emt 0:00:08]} b6 {[%emt 0:00:04]} 19. Ra2 {[%emt 0:00:01]} Bf6 {[%emt 0:00:13]} 20. Bh6 {[%emt 0:00:02]} Re8 {[%emt 0:00:02]} 21. Rae2 {[%emt 0:00:02]} Bg5 {[%emt 0:00:10]} 22. Bxg5 {[%emt 0:00:10]} Qxg5 {[%emt 0:00:00]} 23. g3 {[%emt 0:00:06]} Qf6 {[%emt 0:00:02]} 24. Qxf6 {[%emt 0:00:31]} Nxf6 {[%emt 0:00:00]} 25. Rc1 {[%emt 0:00:02]} Rc7 {[%emt 0:00:02]} 26. Kf1 {[%emt 0:00:09]} Rec8 {[%emt 0:00:03]} 27. Ke1 {[%emt 0:00:01]} Nd6 {[%emt 0:00:04]} 28. Rec2 {[%emt 0:00:01]} Nfe4 {[%emt 0:00:07]} 29. Nd2 {[%emt 0:00:04]} Rxc3 {[%emt 0:01:02]} 30. Nxe4 {[%emt 0:00:04]} Rxc2 {[%emt 0:00:01]} 31. Rxc2 {[%emt 0:00:07]} dxe4 {[%emt 0:00:04]} 32. Rxc8+ {[%emt 0:00:02]} Nxc8 {[%emt 0:00:00]} 33. Bxe4 {[%emt 0:00:01]} Nd6 {[%emt 0:00:02]} 34. Bd3 {[%emt 0:00:02]} g5 {[%emt 0:00:09]} 35. Kd2 {[%emt 0:00:02]} h6 {[%emt 0:00:03]} 36. Ke3 {[%emt 0:00:01]} f6 {[%emt 0:00:03]} 37. f4 {[%emt 0:00:02]} Kf7 {[%emt 0:00:01]} 38. Kf3 {[%emt 0:00:06]} f5 {[%emt 0:00:05]} 39. fxg5 {[%emt 0:00:22]} hxg5 {[%emt 0:00:01]} 40. h4 {[%emt 0:00:00]} Kf6 {[%emt 0:00:02]} 41. hxg5+ {[%emt 0:00:13]} Kxg5 {[%emt 0:00:01]} 42. Bc2 {[%emt 0:00:00]} Kf6 {[%emt 0:00:03]} 43. Kf4 {[%emt 0:00:04]} Ne8 {[%emt 0:00:04]} 44. g4 {[%emt 0:00:18]} fxg4 {[%emt 0:00:01]} 45. Bd1 {[%emt 0:00:06]} Nc7 {[%emt 0:00:05]} 46. Bxg4 {[%emt 0:00:01]} Nd5+ {[%emt 0:00:02]} 47. Ke4 {[%emt 0:00:00]} Nc3+ {[%emt 0:00:03]} 48. Kd3 {[%emt 0:00:01]} Nd5 {[%emt 0:00:01]} 49. Ke4 {[%emt 0:00:04]} Nc3+ {[%emt 0:00:01]} 50. Kd3 {[%emt 0:00:01]} Nd5 {[%emt 0:00:00]} 51. Bf3 {[%emt 0:00:01]} Ke7 {[%emt 0:00:02]} 52. Bxd5 {[%emt 0:00:06]} exd5 {[%emt 0:00:00]} 53. Ke3 {[%emt 0:00:00]} Ke6 {[%emt 0:00:01]} 54. Kf4 {[%emt 0:00:02]} Kf6 {[%emt 0:00:00]} 55. Kg4 {[%emt 0:00:01]} Kg6 {[%emt 0:00:01]} 56. Kf4 {[%emt 0:00:00]} Kf6 {[%emt 0:00:01]} 57. Kg4 {[%emt 0:00:00]} Kg6 {[%emt 0:00:00]} 58. Kf4 {[%emt 0:00:00]} Kf6 {[%emt 0:00:01]} 1/2-1/2

[Event "Speed Chess Championship 2020"]
[Site "Online"]
[Date "2020.11.04"]
[Round "1.13"]
[White "Firouzja, Alireza"]
[Black "Fedoseev, Vladimir"]
[Result "1-0"]
[WhiteElo "2749"]
[BlackElo "2676"]
[Annotator "ChessBase"]
[PlyCount "101"]
[EventDate "2020.10.31"]
[EventType "k.o."]
[SourceTitle "playchess.com"]
[Source "ChessBase"]
[SourceQuality "1"]
[TimeControl "180+1"]

1. Nf3 {[%emt 0:00:01]} Nf6 {[%emt 0:00:01]} 2. g3 {[%emt 0:00:00]} g6 {[%emt 0:00:00]} 3. Bg2 {[%emt 0:00:01]} Bg7 {[%emt 0:00:00]} 4. O-O {[%emt 0:00:00]} O-O {[%emt 0:00:01]} 5. d4 {[%emt 0:00:00]} d5 {[%emt 0:00:01]} 6. c4 {[%emt 0:00:02]} dxc4 {[%emt 0:00:00]} 7. Na3 {[%emt 0:00:01]} Nc6 {[%emt 0:00:06]} 8. Nxc4 {[%emt 0:00:03]} Nd5 {[%emt 0:00:01]} 9. e3 {[%emt 0:00:07]} Nb6 {[%emt 0:00:06]} 10. b3 {[%emt 0:00:21]} Nxc4 {[%emt 0:00:07]} 11. bxc4 {[%emt 0:00:01]} e5 {[%emt 0:00:01]} 12. Ba3 {[%emt 0:00:01]} Re8 {[%emt 0:00:01]} 13. d5 {[%emt 0:00:01]} Na5 {[%emt 0:00:05]} 14. Rc1 {[%emt 0:00:04]} b6 {[%emt 0:00:03]} 15. Nd2 {[%emt 0:00:14]} Bd7 {[%emt 0:00:29]} 16. Nb3 {[%emt 0:00:28]} Nxb3 {[%emt 0:00:07]} 17. Qxb3 {[%emt 0:00:10]} e4 {[%emt 0:00:01]} 18. Rfd1 {[%emt 0:00:03]} Bg4 {[%emt 0:00:13]} 19. Rd2 {[%emt 0:00:01]} c5 {[%emt 0:00:01]} 20. Bb2 {[%emt 0:00:10]} Qd6 {[%emt 0:00:01]} 21. a4 {[%emt 0:00:11]} Rab8 {[%emt 0:00:03]} 22. Bxg7 {[%emt 0:00:06]} Kxg7 {[%emt 0:00:02]} 23. a5 {[%emt 0:00:01]} Bd7 {[%emt 0:00:07]} 24. axb6 {[%emt 0:00:14]} axb6 {[%emt 0:00:02]} 25. Bf1 {[%emt 0:00:05]} Ra8 {[%emt 0:00:04]} 26. Rb2 {[%emt 0:00:05]} Reb8 {[%emt 0:00:03]} 27. Rcb1 {[%emt 0:00:04]} Qf6 {[%emt 0:00:12]} 28. Qc2 {[%emt 0:00:03]} Ra3 {[%emt 0:00:14]} 29. h4 {[%emt 0:00:24]} Bg4 {[%emt 0:00:04]} 30. Bg2 {[%emt 0:00:05]} Rc3 {[%emt 0:00:04]} 31. Qa4 {[%emt 0:00:02]} Bf3 {[%emt 0:00:11]} 32. Qa7 {[%emt 0:00:06]} Rc1+ {[%emt 0:00:30]} 33. Rxc1 {[%emt 0:00:01]} Qxb2 {[%emt 0:00:01]} 34. Rf1 {[%emt 0:00:01]} Qe5 {[%emt 0:00:05]} 35. Bxf3 {[%emt 0:00:07]} exf3 {[%emt 0:00:01]} 36. Rd1 {[%emt 0:00:02]} Qd6 {[%emt 0:00:12]} 37. e4 {[%emt 0:00:04]} Re8 {[%emt 0:00:02]} 38. Re1 {[%emt 0:00:00]} Qf6 {[%emt 0:00:09]} 39. Qa3 {[%emt 0:00:03]} Qd4 {[%emt 0:00:03]} 40. Qxf3 {[%emt 0:00:01]} Qxc4 {[%emt 0:00:01]} 41. e5 {[%emt 0:00:00]} Qd4 {[%emt 0:00:01]} 42. Qf6+ {[%emt 0:00:01]} Kg8 {[%emt 0:00:01]} 43. h5 {[%emt 0:00:04]} Qd2 {[%emt 0:00:03]} 44. Re3 {[%emt 0:00:03]} Qd1+ {[%emt 0:00:01]} 45. Kh2 {[%emt 0:00:01]} Qxh5+ {[%emt 0:00:01]} 46. Kg2 {[%emt 0:00:00]} Qd1 {[%emt 0:00:00]} 47. d6 {[%emt 0:00:02]} Qd5+ {[%emt 0:00:01]} 48. Rf3 {[%emt 0:00:01]} c4 {[%emt 0:00:03]} 49. Kh2 {[%emt 0:00:01]} Qe6 {[%emt 0:00:02]} 50. Qf4 {[%emt 0:00:02]} b5 {[%emt 0:00:01]} 51. Qd4 {[%emt 0:00:00]} 1-0

[Event "Speed Chess Championship 2020"]
[Site "Online"]
[Date "2020.11.15"]
[Round "1.13"]
[White "Duda, Jan-Krzysztof"]
[Black "Caruana, Fabiano"]
[Result "1-0"]
[WhiteElo "2743"]
[BlackElo "2823"]
[Annotator "TA"]
[PlyCount "57"]
[EventDate "2020.10.31"]
[EventType "k.o."]
[EventCountry "NET"]
[SourceTitle "playchess.com"]
[Source "ChessBase"]
[SourceQuality "1"]

{[%evp 14,57,16,18,23,22,55,46,45,33,34,33,33,32,64,24,19,31,85,76,101,97,140,131,192,176,167,170,159,114,120,116,108,84,200,195,216,210,210,206,274,272,656,641,1428,1425]} 1. e4 e5 2. Nf3 Nc6 3. Bc4 Bc5 4. c3 Nf6 5. d3 d6 6. O-O O-O 7. Bg5 h6 8. Bh4 g5 {8...a6 is the modern continuation. C54: Giuoco Piano: 4 c3 Nf6, main lines with 5 d4 and 5 d3.} 9. Bg3 Qe7 10. b4 Bb6 {[#] White is slightly better.} 11. a4 $146 {[#] Hoping for a5.} ({Predecessor:} 11. Nbd2 Be6 12. Re1 a6 13. Bb3 Kh7 14. Nc4 Ba7 15. Ne3 Bxe3 16. Rxe3 Rae8 17. Bc2 {½-½ (45) Yudasin,L (2517)-Hambleton,A (2441) chess.com INT 2017}) 11... a5 12. b5 Nd8 13. Nbd2 Nh5 14. d4 Nxg3 15. hxg3 ({Much weaker is} 15. fxg3 g4 $17) 15... Kg7 (15... Bg4 $14) 16. Bb3 $16 Bg4 17. Nc4 f6 18. Ne3 Bd7 (18... Qd7 $16 19. Nxg4 Qxg4) 19. Re1 Nf7 20. Nh2 c6 21. bxc6 bxc6 22. Rb1 {[#] aiming for Bxf7.} Rab8 23. g4 Rfd8 (23... exd4 $16 {was called for.} 24. cxd4 c5) 24. Nhf1 $18 h5 25. Ng3 Nh6 {[%cal Rh5g4]} 26. Nxh5+ Kg6 27. Nf5 Nxf5 $2 (27... Qf8 28. Re3 Bxf5 29. gxf5+ Kh7) 28. gxf5+ Kh6 29. Re3 {Weighted Error Value: White=0.07/Black=0.48} 1-0